[Event "Fouesnant op 15th"]
[Site "Fouesnant"]
[Date "2009.10.30"]
[Round "8"]
[White "Le Du, Michel"]
[Black "Purenne, Benoit"]
[Result "1/2-1/2"]
[WhiteElo "1932"]
[BlackElo "1909"]
[PlyCount "119"]
[EventDate "2009.10.26"]
[EventType "swiss"]
[EventRounds "9"]
[EventCountry "FRA"]
[SourceTitle "EXT 2010"]
[Source "ChessBase"]
[SourceDate "2010.11.25"]
[SourceVersion "1"]
[SourceVersionDate "2010.11.25"]
[SourceQuality "1"]

1. e4 c5 2. Nc3 a6 3. g3 b5 4. d3 Bb7 5. Bg2 Nf6 6. Nh3 e6 7. 0-0 d6 8. f4 Qc7 9. f5 e5 10. Nf2 b4 11. Nd5 Nxd5 12. exd5 Nd7 13. c4 Be7 14. Bd2 a5 15. Qa4 Kd8 16. a3 Nb6 17. Qc2 Qc8 18. Ne4 Nd7 19. Bh3 f6 20. Be3 Kc7 21. axb4 axb4 22. b3 Nb6 23. Qb2 Qd7 24. Rxa8 Rxa8 25. Ra1 Qe8 26. Bg4 Qg8 27. Ra2 Qe8 28. Qa1 Rxa2 29. Qxa2 Qd7 30. Bh3 Qe8 31. g4 g6 32. Ng3 g5 33. Bg2 Qa8 34. Qxa8 Bxa8 35. Nh5 Bb7 36. Kf2 Kd7 37. Kg3 Ba8 38. h4 h6 39. hxg5 hxg5 40. Kf2 Ke8 41. Ng7+ Kd7 42. Ne6 Bb7 43. Be4 Ba6 44. Ng7 Kc7 45. Ke2 Nd7 46. Kd2 Kc8 47. Nh5 Kc7 48. Ng3 Kc8 49. Bf2 Kc7 50. Nf1 Kb7 51. Ne3 Kb6 52. Kc2 Kc7 53. Kb2 Kb6 54. Nc2 Ka5 55. Ka2 Bc8 56. Kb2 Bb7 57. Be1 Ba6 58. Bf2 Bc8 59. Kc1 Bf8 60. Kb2 1/2-1/2

[Event "FRA-chT3 Gr06 0607"]
[Site "France"]
[Date "2007.02.11"]
[Round "6.8"]
[White "Le Du, Michel"]
[Black "Abgrall, Herve"]
[Result "1-0"]
[WhiteElo "1965"]
[BlackElo "1740"]
[PlyCount "63"]
[EventDate "2006.10.15"]
[EventType "team"]
[EventRounds "9"]
[EventCountry "FRA"]
[SourceTitle "EXT 2008"]
[Source "ChessBase"]
[SourceDate "2007.11.25"]
[SourceVersion "1"]
[SourceVersionDate "2007.11.25"]
[SourceQuality "1"]
[WhiteTeam "Quimper"]
[BlackTeam "Rennes Paul Bert II"]
[WhiteTeamCountry "FRA"]
[BlackTeamCountry "FRA"]

1. e4 c6 2. d4 d5 3. e5 Bf5 4. h4 h6 5. g4 Bd7 6. f4 e6 7. Nf3 c5 8. c3 Nc6 9. Kf2 Qb6 10. Kg3 h5 11. g5 Nge7 12. Bh3 Rc8 13. dxc5 Qxc5 14. Nbd2 Na5 15. Nd4 Nc4 16. N2f3 g6 17. Re1 Nc6 18. Qd3 Qb6 19. b3 Nxd4 20. Nxd4 Na3 21. Bb2 Nb5 22. Bxe6 Ba3 23. Bxd7+ Kxd7 24. Qxb5+ Qxb5 25. Nxb5 Bxb2 26. Rab1 Bxc3 27. Red1 Ba5 28. Rxd5+ Ke6 29. Rdd1 a6 30. Rd6+ Kf5 31. Rf6+ Ke4 32. Nd6+ 1-0

[Event "Fouesnant op 12th"]
[Site "Fouesnant"]
[Date "2006.11.03"]
[Round "8"]
[White "Picart, Laurent"]
[Black "Le Du, Michel"]
[Result "1-0"]
[WhiteElo "2094"]
[BlackElo "1957"]
[PlyCount "107"]
[EventDate "2006.10.28"]
[EventType "swiss"]
[EventRounds "9"]
[EventCountry "FRA"]
[SourceTitle "EXT 2008"]
[Source "ChessBase"]
[SourceDate "2007.11.25"]
[SourceVersion "1"]
[SourceVersionDate "2007.11.25"]
[SourceQuality "1"]

1. d4 g6 2. c4 Nf6 3. Nc3 d5 4. Nf3 Bg7 5. Bg5 c6 6. e3 0-0 7. Bd3 Qa5 8. 0-0 Bg4 9. Bxf6 Bxf6 10. cxd5 cxd5 11. Qb3 Be6 12. Qxb7 Nd7 13. Qb5 Qxb5 14. Nxb5 Rab8 15. b3 Rb7 16. Rac1 Bg4 17. Rc2 e5 18. dxe5 Nxe5 19. Nxe5 Bxe5 20. h3 Bf5 21. Bxf5 Rxb5 22. Bd3 Ra5 23. Rd1 Rd8 24. Bc4 Bf6 25. b4 Ra4 26. Bxd5 Rxb4 27. g3 Rd7 28. Rcd2 Rb2 29. e4 Rxd2 30. Rxd2 Bc3 31. Rd3 Ba5 32. f4 Kg7 33. Kg2 Rc7 34. Bb3 Bb4 35. g4 h6 36. h4 Be1 37. h5 gxh5 38. gxh5 Bh4 39. Kh3 Be1 40. Kg4 Bb4 41. Kf5 Be7 42. e5 Bh4 43. Kg4 Be7 44. Kf5 Bh4 45. Ke4 Kf8 46. Rd6 Kg7 47. f5 f6 48. e6 Re7 49. Rd8 Bf2 50. Kd5 Bb6 51. Ra8 Ba5 52. a3 Bc3 53. Kd6 Rb7 54. e7 1-0

[Event "Fouesnant op 12th"]
[Site "Fouesnant"]
[Date "2006.11.01"]
[Round "6"]
[White "Piankov, Evgenij"]
[Black "Le Du, Michel"]
[Result "0-1"]
[WhiteElo "2337"]
[BlackElo "1957"]
[PlyCount "112"]
[EventDate "2006.10.28"]
[EventType "swiss"]
[EventRounds "9"]
[EventCountry "FRA"]
[SourceTitle "EXT 2008"]
[Source "ChessBase"]
[SourceDate "2007.11.25"]
[SourceVersion "1"]
[SourceVersionDate "2007.11.25"]
[SourceQuality "1"]

1. d4 Nf6 2. Nf3 g6 3. Bg5 Ne4 4. Bh4 Bg7 5. Nbd2 Nxd2 6. Qxd2 0-0 7. e4 d6 8. c3 Nd7 9. Bc4 Qe8 10. 0-0 e5 11. Rfe1 Nb6 12. Bb3 Be6 13. dxe5 dxe5 14. Qc2 a5 15. Ng5 Bc4 16. Bxc4 Nxc4 17. b3 Nd6 18. Rad1 Qc6 19. Nf3 Rfe8 20. Qd3 h6 21. c4 a4 22. Nd2 axb3 23. axb3 Ra2 24. Ra1 Rea8 25. Rxa2 Rxa2 26. f3 Qa6 27. Bf2 h5 28. Be3 Kh7 29. Nf1 f5 30. exf5 Nxf5 31. Bf2 Qa3 32. Rb1 b6 33. h4 Bh6 34. g4 hxg4 35. fxg4 Nd6 36. h5 e4 37. hxg6+ Kxg6 38. Qd5 Rxf2 39. Qh5+ Kg7 40. g5 Rxf1+ 41. Kxf1 Bxg5 42. Qxg5+ Kf7 43. Kg1 Qc5+ 44. Qxc5 bxc5 45. Rd1 Ke6 46. Rd5 Nb7 47. Kf2 c6 48. Rh5 Kd6 49. Rh6+ Kc7 50. Ke2 Nd6 51. Kd2 Nf5 52. Rh5 e3+ 53. Ke1 Nd4 54. Rxc5 Nxb3 55. Re5 Nd2 56. c5 Nf3+ 0-1

[Event "Fouesnant op 12th"]
[Site "Fouesnant"]
[Date "2006.10.29"]
[Round "2"]
[White "Le Du, Michel"]
[Black "Bojkov, Dejan"]
[Result "0-1"]
[WhiteElo "1957"]
[BlackElo "2447"]
[PlyCount "30"]
[EventDate "2006.10.28"]
[EventType "swiss"]
[EventRounds "9"]
[EventCountry "FRA"]
[SourceTitle "EXT 2008"]
[Source "ChessBase"]
[SourceDate "2007.11.25"]
[SourceVersion "1"]
[SourceVersionDate "2007.11.25"]
[SourceQuality "1"]

1. e4 d6 2. Nf3 Nf6 3. Nc3 e5 4. d4 Nbd7 5. Bc4 Be7 6. 0-0 0-0 7. Re1 c6 8. Bb3 h6 9. h3 Re8 10. d5 Nc5 11. Bc4 b5 12. b4 Ncxe4 13. Nxe4 Nxe4 14. Rxe4 bxc4 15. Rxc4 cxd5 0-1

[Event "Hennebont Grand Prix"]
[Site "Hennebont"]
[Date "2006.08.06"]
[Round "6"]
[White "Fruteau, Sabine"]
[Black "Le Du, Michel"]
[Result "1-0"]
[WhiteElo "2126"]
[BlackElo "1964"]
[PlyCount "93"]
[EventDate "2006.08.05"]
[EventType "swiss"]
[EventRounds "7"]
[EventCountry "FRA"]
[SourceTitle "EXT 2007"]
[Source "ChessBase"]
[SourceDate "2006.11.23"]
[SourceVersion "1"]
[SourceVersionDate "2006.11.23"]
[SourceQuality "1"]

1. e4 g6 2. d4 d6 3. f4 Bg7 4. c3 c6 5. Bd3 e5 6. Nf3 Nd7 7. dxe5 dxe5 8. Bc4 Qe7 9. Ng5 Nh6 10. Qe2 0-0 11. 0-0 b5 12. Bb3 exf4 13. Bxf4 Nc5 14. Nd2 Nxb3 15. Nxb3 Ng4 16. h3 Ne5 17. Nf3 Be6 18. Nxe5 Bxb3 19. axb3 Bxe5 20. Be3 a5 21. Rad1 Rad8 22. Qf2 Rxd1 23. Rxd1 Rd8 24. Ra1 Bc7 25. Bf4 Bxf4 26. Qxf4 Re8 27. Rxa5 Qxe4 28. Qxe4 Rxe4 29. Kf2 Kg7 30. Ra6 Re6 31. c4 bxc4 32. bxc4 h5 33. b4 Rf6+ 34. Kg3 h4+ 35. Kg4 Rd6 36. Kf3 Rd3+ 37. Ke2 Rb3 38. Rb6 Rb2+ 39. Kf3 f5 40. Rxc6 Rxb4 41. c5 Kh6 42. Rd6 Rc4 43. c6 Kg5 44. Ke3 Rc1 45. Kd4 Rc2 46. Kd5 Rxg2 47. c7 1-0

[Event "Hennebont Grand Prix"]
[Site "Hennebont"]
[Date "2006.08.06"]
[Round "7"]
[White "Le Du, Michel"]
[Black "Cloarec, Audrey"]
[Result "1-0"]
[WhiteElo "1964"]
[BlackElo "1851"]
[PlyCount "61"]
[EventDate "2006.08.05"]
[EventType "swiss"]
[EventRounds "7"]
[EventCountry "FRA"]
[SourceTitle "EXT 2007"]
[Source "ChessBase"]
[SourceDate "2006.11.23"]
[SourceVersion "1"]
[SourceVersionDate "2006.11.23"]
[SourceQuality "1"]

1. Nc3 d5 2. e3 e5 3. d4 e4 4. Nge2 f5 5. Nf4 Nf6 6. Be2 Nc6 7. Bd2 Be7 8. a3 b6 9. Bb5 Bb7 10. Ne6 Qd7 11. Nxg7+ Kd8 12. Nh5 Rg8 13. Nxf6 Bxf6 14. g3 a6 15. Bxc6 Bxc6 16. Qe2 Bb7 17. a4 c5 18. dxc5 bxc5 19. 0-0 Qc6 20. Rfd1 Kc8 21. Qh5 Rg5 22. Qf7 d4 23. Nd5 Qxd5 24. Qxf6 Rg6 25. Qe7 a5 26. Qxh7 Rg8 27. c4 Qe6 28. exd4 Re8 29. Bf4 Re7 30. Qh8+ Kd7 31. dxc5+ 1-0

[Event "Hennebont Grand Prix"]
[Site "Hennebont"]
[Date "2006.08.05"]
[Round "2"]
[White "Tranvouez, Pierre"]
[Black "Le Du, Michel"]
[Result "1-0"]
[WhiteElo "1750"]
[BlackElo "1964"]
[PlyCount "89"]
[EventDate "2006.08.05"]
[EventType "swiss"]
[EventRounds "7"]
[EventCountry "FRA"]
[SourceTitle "EXT 2007"]
[Source "ChessBase"]
[SourceDate "2006.11.23"]
[SourceVersion "1"]
[SourceVersionDate "2006.11.23"]
[SourceQuality "1"]

1. d4 g6 2. c4 Bg7 3. Nc3 d6 4. e4 Nc6 5. Be3 e5 6. d5 Nce7 7. f3 Nf6 8. Qd2 0-0 9. h4 Nh5 10. Nge2 f5 11. 0-0-0 f4 12. Bf2 Bd7 13. Qd3 a6 14. g4 fxg3 15. Nxg3 Nf4 16. Qc2 h5 17. Be3 Bh6 18. Nge2 Kh7 19. Nxf4 Bxf4 20. Bxf4 Rxf4 21. Qg2 Qf8 22. Be2 Qf6 23. Qg5 Rf8 24. Qxf6 R4xf6 25. Rdf1 R8f7 26. b4 Nc8 27. Kd2 Nb6 28. c5 Na4 29. Nxa4 Bxa4 30. Rb1 b5 31. Rbc1 Kh6 32. cxd6 Rxd6 33. Rhg1 Rfd7 34. Ke3 Rf6 35. Rg5 Rf4 36. Rc6 Rd6 37. Rxc7 Rxh4 38. Rxe5 Rh1 39. Re6 Rd8 40. d6 Bd1 41. d7 Re1 42. Re8 Rxe2+ 43. Kf4 Rxd7 44. Rxd7 g5+ 45. Kf5 1-0

[Event "Avoine op 21th"]
[Site "Avoine"]
[Date "2006.07.23"]
[Round "2"]
[White "Pertuisot, Daniel"]
[Black "Le Du, Michel"]
[Result "0-1"]
[WhiteElo "1720"]
[BlackElo "1964"]
[PlyCount "66"]
[EventDate "2006.07.22"]
[EventType "swiss"]
[EventRounds "9"]
[EventCountry "FRA"]
[SourceTitle "EXT 2007"]
[Source "ChessBase"]
[SourceDate "2006.11.23"]
[SourceVersion "1"]
[SourceVersionDate "2006.11.23"]
[SourceQuality "1"]

1. d4 g6 2. Nf3 Nf6 3. c3 d6 4. Bf4 Bg7 5. h3 0-0 6. Nbd2 Nbd7 7. e3 Qe8 8. Bc4 e5 9. dxe5 dxe5 10. Bh2 Qe7 11. 0-0 c6 12. e4 Nh5 13. Bb3 Nc5 14. Bc2 Qc7 15. Nc4 Rd8 16. Qe1 Nf4 17. Bxf4 exf4 18. Qe2 Be6 19. Ng5 b5 20. Nxe6 Nxe6 21. Nd2 b4 22. Nb1 a5 23. a3 Rab8 24. axb4 axb4 25. Rd1 bxc3 26. Rxd8+ Qxd8 27. bxc3 Be5 28. Ra6 Qd7 29. Ra3 Kg7 30. Rb3 Ra8 31. f3 Ra2 32. Ra3 Rxa3 33. Nxa3 Qa7+ 0-1

[Event "FRA-chT3 Gr5 "]
[Site "Bretagne"]
[Date "2006.??.??"]
[Round "8.9"]
[White "Le Du, Michel"]
[Black "Rault, Antoine"]
[Result "1-0"]
[WhiteElo "1963"]
[BlackElo "1600"]
[PlyCount "77"]
[EventDate "2006.??.??"]
[EventType "team"]
[EventRounds "9"]
[EventCountry "FRA"]
[SourceTitle "EXT 2007"]
[Source "ChessBase"]
[SourceDate "2006.11.23"]
[SourceVersion "1"]
[SourceVersionDate "2006.11.23"]
[SourceQuality "1"]
[WhiteTeam "Quimper"]
[BlackTeam "Fouesnant"]
[WhiteTeamCountry "FRA"]
[BlackTeamCountry "FRA"]

1. e4 e5 2. Nf3 Nc6 3. Bb5 a6 4. Ba4 Nf6 5. 0-0 Bc5 6. Nxe5 Nxe4 7. Qe2 Qe7 8. Qxe4 Qxe5 9. Bxc6 Qxe4 10. Bxe4 0-0 11. Re1 Re8 12. Bxh7+ Kf8 13. Rxe8+ Kxe8 14. Be4 c6 15. c3 d5 16. d4 Bxd4 17. cxd4 dxe4 18. Nc3 f5 19. Bf4 Be6 20. Rd1 Rd8 21. h4 g6 22. b3 b5 23. g3 Kf7 24. Rd2 Rd7 25. Kf1 a5 26. Ke2 a4 27. b4 Bc4+ 28. Ke3 Re7 29. a3 Bd5 30. Nxd5 cxd5 31. Rc2 Rb7 32. Rc6 Rd7 33. Rb6 Rd8 34. Rxb5 Rc8 35. Rc5 Rxc5 36. dxc5 Ke6 37. b5 Kd7 38. c6+ Kc8 39. b6 1-0